Optimalizácia rezacích parametrov plazmového delenia konštrukčných ocelí

Gespeichert in:
Bibliographische Detailangaben
1. Verfasser: Boris, Jaroslav, 1967- (Verfasst von)
Weitere Verfasser: Kolenič, František, 1949- (xxx)
Format: Manuskript Buch
Sprache:Slowakisch
Veröffentlicht: STU v Bratislave MTF UVTE KZv, 2010
Schlagworte:
Online-Zugang:VAIS
Tags: Tag hinzufügen
Keine Tags, Fügen Sie das erste Tag hinzu!

MARC

LEADER 00000ntm a22000003a 4500
001 stu206329
005 20160719160309.4
008 100702s2010------------------------slo-d
040 |a STU  |b slo 
041 0 |a slo 
100 1 |a Boris, Jaroslav,  |d 1967-  |4 aut  |X 31824  |7 A000031824 
242 0 0 |a Optimalization of the cutting parameters of plasma separation of the construction steels.  |y eng 
245 1 |a Optimalizácia rezacích parametrov plazmového delenia konštrukčných ocelí 
260 |b STU v Bratislave MTF UVTE KZv,  |c 2010 
650 7 |a kovové materiály  |2 stusub 
650 7 |a technological parameters  |2 estusub 
650 7 |a plasma  |2 estusub 
650 7 |a plazma  |2 stusub 
650 7 |a delenie materiálov  |2 stusub 
650 7 |a technologické parametre  |2 stusub 
700 1 |a Kolenič, František,  |d 1949-  |4 xxx  |X 5232  |7 A000005232 
700 1 |a Ulrich, Koloman,  |d 1946-  |4 csl  |u M3000  |U MTF Materiálovotechnologická fakulta  |T MTF Ústav výrobných technológií  |X 1417  |U M3000  |Y 83  |7 A000001417 
856 4 |a info a plný text  |u http://is.stuba.sk/zp/portal_zp.pl?podrobnosti=75445  |3 VAIS 
996 |c M*DP-9677  |l MMSKP  |s P  |a 0  |w stu206329_0001